R for cloud computing (Record no. 211930)
[ view plain ]
| 000 -LEADER | |
|---|---|
| fixed length control field | 00593nam a2200217Ia 4500 |
| 003 - CONTROL NUMBER IDENTIFIER | |
| control field | OSt |
| 005 - DATE AND TIME OF LATEST TRANSACTION | |
| control field | 20260107131523.0 |
| 008 - FIXED-LENGTH DATA ELEMENTS--GENERAL INFORMATION | |
| fixed length control field | 210719s2020 xx 000 0 und d |
| 020 ## - INTERNATIONAL STANDARD BOOK NUMBER | |
| International Standard Book Number | 978-1-071-60442-7 |
| 040 ## - CATALOGING SOURCE | |
| Transcribing agency | AL |
| 041 ## - LANGUAGE CODE | |
| Language code of text/sound track or separate title | eng |
| 082 ## - DEWEY DECIMAL CLASSIFICATION NUMBER | |
| Classification number | 004.36 OHRR |
| 100 ## - MAIN ENTRY--PERSONAL NAME | |
| Personal name | Ohri A |
| 9 (RLIN) | 250521 |
| 245 ## - TITLE STATEMENT | |
| Title | R for cloud computing |
| Remainder of title | : an approach for data scientists |
| 260 ## - PUBLICATION, DISTRIBUTION, ETC. | |
| Place of publication, distribution, etc. | New York |
| Name of publisher, distributor, etc. | Springer |
| Date of publication, distribution, etc. | 2020 |
| 300 ## - PHYSICAL DESCRIPTION | |
| Extent | 267 |
| Other physical details | HB |
| 365 ## - TRADE PRICE | |
| Price amount | 1995 |
| Currency code | Rs |
| 650 ## - SUBJECT ADDED ENTRY--TOPICAL TERM | |
| Topical term or geographic name entry element | Computer Science |
| 9 (RLIN) | 250522 |
| 906 ## - LOCAL DATA ELEMENT F, LDF (RLIN) | |
| a | approach ; cloud ; computing:an ; data ; for ; R ; scientists |
| 942 ## - ADDED ENTRY ELEMENTS (KOHA) | |
| Source of classification or shelving scheme | Dewey Decimal Classification |
| Koha item type | Book |
| Withdrawn status | Lost status | Source of classification or shelving scheme | Damaged status | Not for loan | Collection code | Home library | Current library | Shelving location | Date acquired | Source of acquisition | Cost, normal purchase price | Total Checkouts | Full call number | Barcode | Date last seen | Cost, replacement price | Price effective from | Koha item type |
|---|---|---|---|---|---|---|---|---|---|---|---|---|---|---|---|---|---|---|
| Dewey Decimal Classification | Computer Applications & Animation | St Aloysius Library | St Aloysius Library | Stack Section | 03/03/2021 | Biblios Book Point, Surathkal-575014 | General Annual | 1995.00 | 004.36 OHRR | 074744 | 07/19/2021 | 1496.25 | 07/19/2021 | Book |